| 000 | 00446nam a2200181Ia 4500 | ||
|---|---|---|---|
| 008 | 131103s9999 xx 000 0 und d | ||
| 020 | _cRs.17 | ||
| 040 | _aLoreto College | ||
| 041 | _aEnglish | ||
| 082 |
_aREF _bLCBED/ |
||
| 245 | 4 |
_aThe indian year book of education _b1961 |
|
| 260 |
_aNew Delhi _bN.C.E.R _c1961 |
||
| 300 |
_a417p. _c 23cm. |
||
| 504 | _aIncludes glossary | ||
| 650 | _aEducation | ||
| 850 | _aLCBED/REF | ||
| 942 | _cBK | ||
| 999 |
_c34260 _d84739 |
||